00525nam a2200157Ia 4500003000900000008004100009020001800050040001600068080002200084245012200106260003300228300002300261650004100284650002300325700001900348IN-BaIIA211028s9999 xx 000 0 eng d a0-444-86746-5 cIIA Library a524.834(063)bMAR 0aMarcel Grossmann meeting on general relativitybpt. Bcedited by Ning Hu  aBeijingbScience Pressc1983 a[various pagings.] aAstronomy and astrophysics thesaurus aGeneral relativity aNing, Hu., ed.